000 00869nas a2200265 4500
001 BR2012004399
003 BR-BrBNA
005 20231205120735.0
007 ta
008 230509b bl.|||p| |||| 00| 00por d
040 _aBR-BrBNA
_bpor
_cBiblioteca Nacional de Agricultura
041 _a(Pt)
072 _aF70
100 1 _aRasbold, G.G.
100 1 _aMonteiro, M.R.
100 1 _aParolin, M.
100 1 _aCaxambu, M.G.
100 1 _aPessenda, L.C.R.
245 1 _aCaracterização dos tipos morfológicos de fitólitos presentes em Butia paraguayensis (Brar. Rodr.)L.H. Bailey ( Arecaceae)
650 _aDISTRIBUIÇÃO GEOGRÁFICA
650 _aMORFOLOGIA VEGETAL
773 0 _tIheringia. Série Botânica (Brazil)
_xISSN 0073-4705
_g(Dec 2011), v. 66(2) p. 265-270
_wBR2012004399
909 _a202311
_bLúcia
_c55
_dLúcia Elande
942 _2AGRIS
_n0
_cANA
999 _c220055
_d220055